| 000 | 00557nam a2200181 i 4500 | ||
|---|---|---|---|
| 001 | 97698 | ||
| 003 | ES-MaACL | ||
| 005 | 20250817063118.0 | ||
| 007 | t| | ||
| 008 | 050715s1972 sp ||||1| spa d | ||
| 100 | 1 |
_aMarchán Fiz, Simón, _d1941- _976408 |
|
| 245 | 1 | 0 |
_aDel arte objetual al arte de concepto _b: las artes plásticas desde 1960 / _cSimón Marchán Fiz. |
| 250 | _a[1ª ed.]. | ||
| 260 |
_aMadrid : _bAlberto Corazón, _c1972. |
||
| 300 |
_a222 p. ; _c21 cm. |
||
| 852 |
_aES-MaACL _jC-42655 _bR.82399 |
||
| 999 |
_c97698 _d97698 |
||